| 000 | 00513nam a2200157 i 4500 | ||
|---|---|---|---|
| 001 | 102049 | ||
| 003 | ES-MaACL | ||
| 005 | 20230906183033.0 | ||
| 007 | t| | ||
| 008 | 051103q1925 sp ||||1| spa d | ||
| 110 | 2 |
_aCasa de América (Barcelona) _92459 |
|
| 245 | 1 | 3 |
_aLa Casa de América en 1924 _b: Memoria leída en la Junta General celebrada el dia 31 de enero de 1925. |
| 260 |
_aBarcelona : _bHerederos de Serra y Russell, _c[1925?] |
||
| 300 |
_a55 p. ; _c25 cm. |
||
| 852 |
_aES-MaACL _j1692-F-5 _bR.5366 |
||
| 999 |
_c102049 _d102049 |
||